000 00468nam a2200181Ia 4500
001 7440
005 20260306160455.0
008 260306t2005||||xx |||||||||||||| ||spa||
041 _aESP
082 _a338.985
_bW73
100 _aWise, Carol
_eAUT
245 0 _aReinventando el Estado:
_bestrategia económica y cambio institucional en el Perú
260 _c2005
300 _a358 páginas :
_c21cm.
650 _aGEN
654 _aCAN
942 _cLIB
_dJUS
_fJUS
_2ddc
_n
999 _c7440
_d7440